000 01134cam a2200133 4500500
005 20260329033117.0
041 _afre
042 _adc
100 1 0 _aMartin, Hervé
_eauthor
245 0 0 _aMentalités médiévales : Tome 2 - Représentations collectives (XIe-XVe siècle)
260 _bPresses Universitaires de France,
_c2001.
520 _aSOMMAIREAvant-propos -- Orientations bibliographiques Première partie: NOS CONNAISSANCESChap. I: Les lieux, espace rural, villes -- Chap. II: Le corps, le sens de la beauté corporelle, plaisirs du corps, le corps sous surveillance, le corps souffrant -- Chap. III: Le travail, les clercs de cour, les clercs organiques, les conquêtes de l’idéologie des métiers et du travail -- Chap. IV: Les représentations socio-politiques -- Chap. V: Prophéties et visions de la fin des tempsDeuxième partie: VOIES, RECHERCHES, DEBATSChap. VI: Les sources -- Chap. VII: Concepts -- Chap. VIII: Recherches et nouvelles perspectivesConclusion générale
856 4 1 _uhttps://shs.cairn.info/mentalites-medievales-xie-xve-siecle-tome-2--9782130518297?lang=fr&redirect-ssocas=7080
999 _c1958323
_d1958323